El olimpo del sabio instrvido de la naturaleza y segunda parte de las máximas políticas, y morales ilustradas con todo genero de erudición sacra, y humana (Record no. 8456)
[ view plain ]
| 000 -CABECERA | |
|---|---|
| campo de control de longitud fija | 01301nam a2200229 a 4500 |
| 001 - NÚMERO DE CONTROL | |
| campo de control | BRCA_8805 |
| 005 - FECHA Y HORA DE LA ÚLTIMA TRANSACCIÓN | |
| campo de control | 20190320210423.0 |
| 008 - DATOS DE LONGITUD FIJA--INFORMACIÓN GENERAL | |
| campo de control de longitud fija | 210417s1681----sp-#######---#000-0#spa-# |
| 041 ## - CÓDIGO DE LENGUA | |
| Código de lengua del texto/banda sonora o título independiente | spa |
| 044 ## - CÓDIGO DEL PAÍS DE LA ENTIDAD EDITORA/PRODUCTORA | |
| Código MARC del país | sp |
| 084 ## - OTRO NÚMERO DE CLASIFICACIÓN | |
| Número de clasificación | BE186 |
| Número de documento/Ítem | .G37 1681 |
| 100 1# - ENTRADA PRINCIPAL--NOMBRE DE PERSONA | |
| Nombre de persona | Garau, Francisco (S.I.) |
| 9 (RLIN) | 21944 |
| 245 10 - MENCIÓN DE TÍTULO | |
| Título | El olimpo del sabio instrvido de la naturaleza y segunda parte de las máximas políticas, y morales ilustradas con todo genero de erudición sacra, y humana |
| Mención de responsabilidad, etc. | por el R.P. Francisco Garau de la compañía de Jesús, catedrático de Prima de Teología Escolatica en el Colegio de Barcelona; al ilustrissimo, y reverendissimo S.D. Fr. Alonso de Sotomayor, por la gracia de Dios y de la Santa Sede Apostolica Arzobispo Obispo de Barcelona Del Consejo de su Magestad, &c; va a la fin un Indice de Materiales predicables. |
| 260 ## - PUBLICACIÓN, DISTRIBUCIÓN, ETC. | |
| Lugar de publicación, distribución, etc. | Barcelona |
| Nombre del editor, distribuidor, etc. | En la Imprenta de Antonio Ferrer, y Balthasar Ferrer, Libreros, Vendese en sus casas en la libreria |
| Fecha de publicación, distribución, etc. | 1681 |
| 300 ## - DESCRIPCIÓN FÍSICA | |
| Extensión | [20], 512 p. |
| Dimensiones | 19.2 x 15 cm. |
| 500 ## - NOTA GENERAL | |
| Nota general | Estado físico: presenta encuadernación enpergamino, con cintas rotas y lomo desprendido |
| 650 14 - PUNTO DE ACCESO ADICIONAL DE MATERIA--TÉRMINO DE MATERIA | |
| Término de materia o nombre geográfico como elemento de entrada | Cosmología |
| Subdivisión de forma | Tratados, manueales, etc. |
| 9 (RLIN) | 21945 |
| 700 1# - PUNTO DE ACCESO ADICIONAL--NOMBRE DE PERSONA | |
| Nombre de persona | Sotomayor, Alonso de |
| 9 (RLIN) | 21946 |
| 700 1# - PUNTO DE ACCESO ADICIONAL--NOMBRE DE PERSONA | |
| Nombre de persona | Ferrer y Balthasar, Antonio |
| Término indicativo de función/relación | Impresor |
| 9 (RLIN) | 21947 |
| 902 ## - CATALOGADOR | |
| Iniciales | CFM |
| 942 ## - ELEMENTOS DE PUNTO DE ACCESO ADICIONAL (KOHA) | |
| Fuente del sistema de clasificación o colocación | Library of Congress Classification |
| Tipo de ítem Koha | Libros |
| Estado de retiro | Estado de pérdida | Estado dañado | No para préstamo | Localización permanente | Ubicación/localización actual | Fecha de adquisición | Total de préstamos | Signatura topográfica completa | Código de barras | Fecha visto por última vez | Precio válido a partir de | Tipo de ítem Koha |
|---|---|---|---|---|---|---|---|---|---|---|---|---|
| El ejemplar forma parte de la colección y puede ser consultado según las políticas vigentes. | Biblioteca del Museo Franz Mayer (Rogerio Casas-Alatriste) | Biblioteca del Museo Franz Mayer (Rogerio Casas-Alatriste) | 21/04/2017 | BE186 .G37 1681 | CFM00132 | 22/03/2019 | 22/03/2019 | Libros |